00529 2200205 4500001002100000005001500021035002000036001002100056005001500077035002000092245006000112100001700172250001700189300002900206260003400235082000800269084001400277020002200291600001000313INLIS00000000000089520250121111521 a0010-0125000068INLIS00000000000086720250110102642 a0010-01250000401 aWhy? The Laws of Science :bHukum Sains /cSeonghun KIM0 aSeonghun KIM acetakan ke-1 a160 hlm :bIlus ;c20 cm aJakarta :bPT Gramedia,c2021 a500 a500 SEO w a978-623-002-766-6 4asains